000 01058nam0a2200313 4500
001 RU\NLR\bibl\1339029
005 20250615165925.0
010 _a978-5-699-32684-6
_95000
021 _aRU
_b2009-3161
_929дос
035 _a(nilc)RSL-KNO-004242780
035 _a(NLR Aleph) 001324207
090 _a759264
_c759264
100 _a20090225d2009 |||y0rusy50 ca
101 0 _arus
102 _aRU
105 _aa |||||||||
200 1 _aЛандшафтный дизайн по-японски
_e[ограждения, дорожки, фонари, водопады, камни]
210 _aМосква
_cЭксмо
_d2009
215 _a46, [1] с.
_cцв. ил.
_d22
225 1 _aЦветы в саду и на окне
606 1 _aСадово-парковая архитектура
_yЯпония
_91059099
_3RU\NLR\AUTH\6692370
686 _aЩ113(5Я)-487
801 0 _aRU
_bРКП
_c20090225
_grcr
801 1 _aRU
_bРГБ
_c20090225
801 2 _aRU
_bNLR
_c20090311
_grcr
942 _cBOOK
980 _aNB